01281nac a22002771i 4500003000900000005001700009008004100026020001500067040004300082082002100125111011600146245021500262264010200477264001000579300004400589336002600633337002800659338002700687504005200714650003100766655001700797700003000814942001200844999001500856952013200871EG-ScBUE20260401105922.0260401t1987 ne a f b 001 0 eng d a9027725756 aEG-ScBUEbengerdacEG-ScBUEdEG-ScBUE04a551.489bREG2222 aInternational Symposium on Flood Frequency and Risk Analysesd(1986 :cLouisiana State University, Baton Rouge)00aRegional flood frequency analysis :bproceedings of the International Symposium on Flood Frequency and Risk Analyses, 14-17 May 1986, Louisiana State University, Baton Rouge, U.S.A. /cedited by Vijay P. Singh. 1aDordrecht :bSold and distributed in the U.S.A. and Canada by Kluwer Academic Publishers,c[1987] 4cc1987 axi, 400 pages :billustrations ;c25 cm 2rdacontentatextbtxt aunmediated2rdamediabn avolumebnc2rdacarrier aIncludes bibliographical references and index.  7aFloodsxCongresses.2BUEsh vReading book1 aSingh, Vijay P.,eeditor. cBB2ddc c5797d5797 00102ddc40708AlahramaMAINbMAINc1STd2005-11-07ePurchasel0o551.489 REGp000007471r2025-07-15 00:00:00w2007-11-05yBB